00422nam a22001697a 450000500170000000800410001702000270005804000090008504100120009408200180010610000170012424500350014126000280017630000080020465000220021270000180023420260513131004.0260513b |||||||| |||| 00| 0 eng d a9788126534562c1295.00 aMAIN aEnglish a624.1517bJAE aJaeger, J.C. aFundamentals of Rock Mechanics aNew DelhibWiley c2018 a475 aGeology (PM USHA) aCook, N. G. W